| 000 | 00450nam a2200181Ia 4500 | ||
|---|---|---|---|
| 001 | 9137 | ||
| 005 | 20260306160701.0 | ||
| 008 | 260306t2011||||xx |||||||||||||| ||spa|| | ||
| 041 | _aESP | ||
| 082 |
_a372.868 _bCH51 |
||
| 100 |
_aChazin Hodorovsky, Sergio Mario _eAUT |
||
| 245 | 0 | _aJuegos de expresión corporal para niños | |
| 260 | _c2011 | ||
| 300 |
_a139 páginas : _c23 cm. |
||
| 650 | _aGEN | ||
| 654 | _aCED | ||
| 942 |
_cLIB _dJUS _fJUS _2ddc _n |
||
| 999 |
_c9137 _d9137 |
||